000
00225nam a2200097Ia 4500
008
240331s9999 xx 000 0 und d
082
_b
NIC
100
_a
Nicoll, B
245
4
_a
The house of the seven gables :
_b
notes
942
_c
L
999
_c
3189
_d
3189